000 00969nam a2200229Ia 4500
999 _c41279
_d41279
001 7934
003 GE_BSU
005 20221003124227.0
008 181216s2010en xx |||||||||||||| ||eng||
020 _a9785397015516
040 _cGE_BSU
041 _aeng, rus
080 _a811.111+327 М-92
100 _aМukhortov, Denis/Мухортов,Денис
_914960
245 _aPolitikal English an advanced mass media course :
_bУч. пособ.по анг. языку в сфере политики и междун. отношении /
_cDenis Мukhortov, Денис Мухортов
264 _aМосква :
_bКнижный дом "ЛИБРОКОМ,
_c2010.
300 _a231 cтр.:
_c22 cm;
653 _aPolitikal English an advanced mass media course
653 _aполитика и междун. отношении
653 _aპოლიტიკა და საერთაშორისო ურთიერთობა
942 _cBK
_2udc